000
00305 a2200133 4500
000
nam a22 7a 4500
100
_a
viswas
110
_a
viswas
245
_a
Animal Behaviour
250
_a
latest edition
260
_b
Rajat Publications
_c
2026
264
_b
Rajat Publications
_c
2026
942
_c
BK
999
_c
395219
_d
395219